000 00377nam a2200169Ia 4500
008 230524s9999 xx 000 0 und d
020 _a817656964X
082 _a5.73
_bBAY
100 _aIvan Bayross
245 0 _aSQL/PL/SQL
250 _a2ND
260 _aNEW DELHI
_bBPB
_c1999
300 _aXI;331
500 _aQuantity Number: 35
650 _aComp-Sc
942 _cBK
999 _c24102
_d24102